[Event "POL-chT3"]
[Site "Jastrzebia Gora POL"]
[Date "2015.??.??"]
[Round "6.47"]
[White "Cieslak, Patrycjusz"]
[Black "Wisniewski, Szymon"]
[Result "1-0"]
[WhiteElo "1836"]
[BlackElo "1847"]
[EventDate "2015.??.??"]
[WhiteTitle "I"]
[BlackTitle "I+"]

1.e4 c6 2.Nc3 g6 3.d4 Bg7 4.f4 d6 5.Nf3 Nd7 6.a4 Qc7 7.Bc4 e5 8.fxe5 dxe5 
9.d5 cxd5 10.Nb5 Qa5+ 11.Bd2 Qb6 12.a5 Qc5 13.b4 Qc6 14.exd5 Qf6 15.Bg5 
Qf5 16.Nd6+ 1-0

[Event "POL-chT3"]
[Site "Jastrzebia Gora POL"]
[Date "2015.??.??"]
[Round "6.48"]
[White "Mackiewicz, Anna"]
[Black "Dziodzio, Angelika"]
[Result "0-1"]
[WhiteElo "1955"]
[BlackElo "2095"]
[EventDate "2015.??.??"]
[WhiteTitle "k+"]
[BlackTitle "k"]

1.d4 Nf6 2.c4 d6 3.Nc3 Nbd7 4.Nf3 e5 5.dxe5 dxe5 6.a3 a5 7.Bg5 h6 8.Bxf6 
Qxf6 9.Nd5 Qd8 10.g3 c6 11.Nc3 Be7 12.Bg2 O-O 13.O-O f5 14.Rb1 e4 15.Nd4 
Ne5 16.e3 Qe8 17.Qe2 Qf7 18.Rfc1 Re8 19.Na4 Nd3 20.Rc2 Be6 21.Nxe6 Qxe6 
22.Nb6 Rad8 23.Qh5 Kh7 24.Bf1 g6 25.Qh3 Bg5 26.b4 axb4 27.axb4 Ne5 28.Be2 
Nf3+ 29.Bxf3 exf3 30.Qf1 Qe4 31.Rbc1 h5 32.Na4 h4 33.Nc5 Qe7 34.gxh4 Bxh4 
35.Qh3 Qg5+ 36.Kh1 Qh5 37.Nxb7 Rb8 38.Nd6 Re6 39.c5 Rxb4 40.e4 Re5 41.exf5
gxf5 42.Ra1 Rd4 43.Qf1 Re2 44.Raa2 Bg3 45.h3 Rd1 0-1

[Event "POL-chT3"]
[Site "Jastrzebia Gora POL"]
[Date "2015.??.??"]
[Round "6.49"]
[White "Kumala, Aleksander"]
[Black "Kaczmarek, Aleksander"]
[Result "1-0"]
[WhiteElo "2102"]
[BlackElo "2294"]
[EventDate "2015.??.??"]
[WhiteTitle "I++"]
[BlackTitle "FM"]

1.e4 g6 2.h4 d5 3.e5 Bg7 4.d4 h5 5.Nf3 Bg4 6.Be2 Nh6 7.Ng5 Bxe2 8.Qxe2 e6 
9.Nc3 c5 10.Nb5 O-O 11.c3 Nc6 12.Be3 cxd4 13.cxd4 Qb6 14.O-O-O Na5 15.Nd6 
Nc4 16.Nxc4 Qc6 17.Kb1 dxc4 18.f3 b5 19.Ne4 b4 20.Bxh6 Bxh6 21.g4 c3 22.
gxh5 Rfc8 23.Nc5 Rab8 24.b3 gxh5 25.Rhg1+ Kf8 26.f4 Ke7 27.Qxh5 Bxf4 28.
Rg7 Rf8 29.Rf1 Rbc8 30.Kc2 Rc7 31.Rxf4 Ke8 32.Qf3 Qb6 33.Rg8 Qa5 34.Qa8+ 
1-0

[Event "POL-chT3"]
[Site "Jastrzebia Gora POL"]
[Date "2015.??.??"]
[Round "6.50"]
[White "Bakalarz, Leszek"]
[Black "Reza, Wojciech"]
[Result "0-1"]
[WhiteElo "2124"]
[BlackElo "2272"]
[EventDate "2015.??.??"]
[WhiteTitle "FM"]
[BlackTitle "k+"]

1.e4 e5 2.Nf3 Nc6 3.Bc4 Bc5 4.c3 Nf6 5.d3 d6 6.a4 a6 7.O-O Ba7 8.Nbd2 O-O 
9.Re1 Ng4 10.Re2 Kh8 11.h3 Nh6 12.Nf1 f5 13.N1h2 f4 14.Kf1 Qf6 15.Re1 g5 
16.Ke2 Nf7 17.Rh1 h6 18.b4 Kg7 19.Bd2 Bd7 20.Qb3 Ncd8 21.a5 h5 22.Ne1 g4 
23.hxg4 hxg4 24.Nf1 Ne6 25.f3 Neg5 26.Kd1 Rh8 27.Rxh8 Rxh8 28.Ke2 c6 29.
Bc1 Rh1 30.Bb2 gxf3+ 31.gxf3 Bh3 32.Nd2 Be3 33.Bc1 Qh6 34.Qd1 Rh2+ 0-1

[Event "POL-chT3"]
[Site "Jastrzebia Gora POL"]
[Date "2015.??.??"]
[Round "6.51"]
[White "Puczylowski, Marcin"]
[Black "Harazinska, Ewa"]
[Result "1-0"]
[WhiteElo "2119"]
[BlackElo "2055"]
[EventDate "2015.??.??"]
[WhiteTitle "k"]
[BlackTitle "WFM"]

1.e4 c5 2.Nf3 d6 3.Nc3 Nf6 4.e5 dxe5 5.Nxe5 a6 6.g3 Qc7 7.d4 cxd4 8.Qxd4 
Nc6 9.Nxc6 Qxc6 10.Bg5 Bg4 11.Bxf6 gxf6 12.Qxg4 Qxh1 13.Qa4+ b5 14.Nxb5 
Bh6 15.Nc7+ Kf8 16.Nxa8 Qxa8 17.Qxa6 Qe4+ 18.Qe2 Qb7 19.c3 Kg7 20.f4 Rb8 
21.a4 e5 22.a5 exf4 23.a6 Qc6 24.Bg2 f3 25.Bxf3 Qc5 26.Kf1 Qf5 27.a7 Rxb2 
28.a8=Q Rxe2 29.Kxe2 Qc2+ 30.Kf1 1-0

[Event "POL-chT3"]
[Site "Jastrzebia Gora POL"]
[Date "2015.??.??"]
[Round "6.52"]
[White "Jedras, Piotr"]
[Black "Zurkowski, Andrzej"]
[Result "0-1"]
[WhiteElo "2030"]
[BlackElo "2086"]
[EventDate "2015.??.??"]
[WhiteTitle "I+"]
[BlackTitle "k+"]

1.e4 c5 2.Nf3 Nc6 3.d4 cxd4 4.Nxd4 e5 5.Nb5 Nf6 6.N1c3 a6 7.Nd6+ Bxd6 8.
Qxd6 Qe7 9.Qd1 h6 10.g3 d6 11.Bg2 O-O 12.O-O b5 13.a3 Be6 14.Nd5 Bxd5 15.
exd5 Nb8 16.Be3 Nbd7 17.f4 exf4 18.Bxf4 Ne5 19.Qd4 Rac8 20.c3 Nfd7 21.Rae1
Rc4 22.Qa7 Ra4 23.Bc1 Qd8 24.b3 Ra5 25.Be4 Re8 26.Kg2 Nc5 27.Rxf7 Nxf7 28.
Bg6 Rxe1 29.Qxf7+ Kh8 30.Bxh6 Qf6 31.Qxf6 gxf6 32.b4 Rxa3 33.bxc5 dxc5 34.
Bf8 Rxc3 35.d6 Rd1 36.h4 Kg8 37.Be7 Kg7 38.Bf5 Rcd3 39.h5 Rxd6 40.g4 R6d5 
41.Bc8 Kf7 42.h6 Kxe7 43.Bd7 Rxd7 44.h7 Rd8 0-1

[Event "POL-chT3"]
[Site "Jastrzebia Gora POL"]
[Date "2015.??.??"]
[Round "6.53"]
[White "Kanarkiewicz, Michal"]
[Black "Koziej, Maciej"]
[Result "0-1"]
[WhiteElo "2077"]
[BlackElo "1985"]
[EventDate "2015.??.??"]
[WhiteTitle "k"]
[BlackTitle "I++"]

1.e4 d5 2.exd5 Qxd5 3.Nc3 Qd6 4.d4 Nf6 5.Nf3 g6 6.g3 Bg7 7.Bg2 Qa6 8.Bf4 
c6 9.Qd2 O-O 10.Bh6 Bxh6 11.Qxh6 Bf5 12.h4 Bxc2 13.h5 Nbd7 14.hxg6 Bxg6 
15.Ne5 Nxe5 16.dxe5 Nd5 17.Qd2 Nxc3 18.Qxc3 Rfd8 19.Bf1 Qb6 20.Be2 Qd4 21.
Qxd4 Rxd4 22.Rd1 Rad8 23.O-O Rxd1 24.Rxd1 Rxd1+ 25.Bxd1 f6 26.exf6 exf6 
27.f4 Kf8 28.Kf2 Ke7 29.Ke3 c5 30.g4 h6 31.Bf3 b6 32.Kd2 Kd6 33.Kc3 Bf7 
34.a3 Bd5 35.Be2 Be4 36.Kd2 Kc6 37.Ke3 Bd5 38.Bd3 c4 39.Be2 Kc5 40.Bd1 b5 
41.Be2 a5 42.Bd1 Bc6 43.Bc2 Bd7 44.Bd1 Be6 45.Ke4 b4 46.axb4+ axb4 47.Be2 
c3 48.bxc3 bxc3 49.Bd1 Bxg4 50.Kd4 0-1

[Event "POL-chT3"]
[Site "Jastrzebia Gora POL"]
[Date "2015.??.??"]
[Round "6.55"]
[White "Sadowski, Miroslaw"]
[Black "Banasik, Krzysztof"]
[Result "1/2-1/2"]
[WhiteElo "2106"]
[BlackElo "2220"]
[EventDate "2015.??.??"]
[WhiteTitle "k"]
[BlackTitle "k"]

1.d4 Nf6 2.Nf3 g6 3.Bf4 Bg7 4.Nc3 d5 5.Qd2 O-O 6.O-O-O c5 7.dxc5 Na6 8.e4 
Nxc5 9.e5 Nfe4 10.Nxe4 Nxe4 11.Qxd5 Qxd5 12.Rxd5 Be6 13.Rd4 Nxf2 14.Rg1 
Rfd8 15.Be2 Rxd4 16.Nxd4 Bd5 17.Bf3 Bxf3 18.Nxf3 Rc8 19.Kd2 Ne4+ 20.Ke3 
Nc5 21.Rd1 h6 22.c4 Ne6 23.b3 g5 24.Bg3 h5 25.h3 Bh6 26.Ke2 Nc5 27.Rd4 Rc6
28.Nd2 Kh7 29.Bh2 g4 30.hxg4 Rg6 31.Nb1 Ne6 32.Re4 Nc5 33.Rd4 Ne6 34.Re4 
Nc5 35.Rd4 Ne6 36.Re4 Nc5 37.Rd4 Ne6 38.Re4 Nc5 39.Rd4 Ne6 40.Re4 Nc5 
1/2-1/2

[Event "POL-chT3"]
[Site "Jastrzebia Gora POL"]
[Date "2015.??.??"]
[Round "6.56"]
[White "Tustanowski, Robert"]
[Black "Pazderski, Ziemowit"]
[Result "1-0"]
[WhiteElo "2226"]
[BlackElo "2249"]
[EventDate "2015.??.??"]
[WhiteTitle "m"]
[BlackTitle "k+"]

1.Nf3 c5 2.e4 Nc6 3.Bb5 e6 4.Bxc6 bxc6 5.d3 Ne7 6.Qe2 Qc7 7.h4 e5 8.h5 h6 
9.Nh4 Ng8 10.g4 Be7 11.Nf5 Bf6 12.Qf3 d6 13.Na3 Bxf5 14.gxf5 Ne7 15.Nc4 
Nc8 16.Bd2 Nb6 17.b3 Rd8 18.Rg1 Nxc4 19.dxc4 Qb7 20.O-O-O Rd7 21.Rg4 d5 
22.exd5 cxd5 23.cxd5 Qxd5 24.Qxd5 Rxd5 25.Be3 Rd4 26.Bxd4 exd4 27.Kd2 Kd7 
28.Kd3 Kc6 29.Re1 Kd5 30.Rge4 Rc8 31.f4 Rc6 32.Re8 Ra6 33.a4 c4+ 34.bxc4+ 
Kc5 35.R8e5+ Kc6 36.a5 Bxe5 37.fxe5 Kd7 38.Rg1 Rxa5 39.Kxd4 f6 40.Rxg7+ 
Ke8 41.c5 fxe5+ 42.Kd5 e4 43.Kd6 Kf8 44.Rg6 Ra2 45.Rg2 Ra1 46.c6 Rd1+ 47.
Ke5 Ke7 48.f6+ Kd8 49.f7 Rf1 50.Rg8+ 1-0

[Event "POL-chT3"]
[Site "Jastrzebia Gora POL"]
[Date "2015.??.??"]
[Round "6.57"]
[White "Maciaga, Marcin"]
[Black "Szczesniak, Konrad"]
[Result "1/2-1/2"]
[WhiteElo "2101"]
[BlackElo "2156"]
[EventDate "2015.??.??"]
[WhiteTitle "k+"]
[BlackTitle "k"]

1.d4 Nf6 2.c4 c5 3.Nf3 e6 4.d5 b5 5.dxe6 fxe6 6.cxb5 d5 7.e3 Bd6 8.Nc3 O-O
9.e4 Nbd7 10.exd5 exd5 11.Nxd5 Bb7 12.Bc4 Kh8 13.O-O Ne5 14.Nxe5 Bxe5 15.
Nf4 Qb8 16.Ne6 Bxh2+ 17.Kh1 Rc8 18.f4 Bg3 19.Qd3 Ne4 20.b4 Re8 21.Nxg7 Rd8
22.Qe3 Kxg7 23.Bb2+ Kf8 24.bxc5 Qc8 25.c6 Qg4 26.Ba3+ Kg7 27.Bb2+ Kh6 28.
f5+ Ng5 29.Bg7+ Kxg7 30.Qe7+ Kh6 31.Qf6+ Kh5 32.Bf7+ Nxf7 33.Qxf7+ Kh4 34.
cxb7 Rab8 35.Rf3 Rg8 36.Rc1 Kg5 37.Qe7+ Kh5 38.Qxh7+ Kg5 39.Qe7+ Kh5 40.
Qh7+ Kg5 41.Qe7+ Kh5 42.Qh7+ 1/2-1/2

[Event "POL-chT3"]
[Site "Jastrzebia Gora POL"]
[Date "2015.??.??"]
[Round "6.58"]
[White "Siekaniec, Jan"]
[Black "Szustakowski, Antoni"]
[Result "0-1"]
[WhiteElo "2096"]
[BlackElo "2030"]
[EventDate "2015.??.??"]
[WhiteTitle "k"]
[BlackTitle "I"]

1.Nf3 d5 2.g3 c5 3.Bg2 Nf6 4.O-O Nc6 5.d3 e5 6.Nbd2 Be7 7.e4 O-O 8.Re1 
dxe4 9.dxe4 Qc7 10.c3 h6 11.Qe2 Be6 12.Nh4 Rfd8 13.Nf5 Bf8 14.Qf3 g6 15.
Ne3 Bg7 16.Bf1 Rd7 17.Nb3 b6 18.Bb5 Rad8 19.Kg2 Qb7 20.c4 Rd3 21.Qe2 Nb4 
22.Nd5 a6 23.Ba4 Nfxd5 24.cxd5 Nxd5 25.Nd2 Ne7 26.Bc2 R3d7 27.Bb3 Bxb3 28.
axb3 b5 29.Qe3 Qc6 30.b4 cxb4 31.Nb3 Rd3 32.Qc5 Qe6 33.Na5 Rc8 34.Qa7 Rd7 
35.Qe3 Qd6 36.Nb3 Rc2 37.Qf3 Qd3 38.Re3 Qd6 39.Re2 Rxe2 40.Qxe2 Kh7 41.Be3
Rc7 42.f3 f5 43.Rd1 Qf6 44.Nc5 fxe4 45.fxe4 Qc6 46.Kg1 a5 47.Qg4 Qb6 48.
Qf3 Qf6 49.Qg4 h5 50.Qe2 Nc6 51.Rf1 Qe7 52.Na6 Ra7 53.Qxb5 Nd4 54.Qb6 Qb7 
55.Qxb7 Rxb7 56.Rd1 Rb6 57.Nc7 Rc6 58.Nd5 Rc2 59.Rf1 Re2 60.Rf7 Kg8 61.Ra7
Rxb2 62.h4 Nf3+ 63.Kf1 Nh2+ 64.Kg1 Ng4 65.Bg5 b3 66.Rxa5 Ra2 67.Rb5 b2 68.
Rb8+ Kh7 69.Nc3 Ra1+ 70.Kg2 Rc1 0-1

[Event "POL-chT3"]
[Site "Jastrzebia Gora POL"]
[Date "2015.??.??"]
[Round "6.59"]
[White "Krasiewicz, Robert"]
[Black "Tustanowski, Mateusz"]
[Result "1/2-1/2"]
[WhiteElo "2027"]
[BlackElo "1922"]
[EventDate "2015.??.??"]
[WhiteTitle "k+"]
[BlackTitle "I"]

1.c4 Nf6 2.g3 c6 3.Bg2 e5 4.b3 g6 5.Bb2 d6 6.e4 Bg7 7.Ne2 O-O 8.O-O Nbd7 
9.d4 exd4 10.Nxd4 Nc5 11.Nc3 Re8 12.Re1 Qb6 13.Rb1 a5 14.Nc2 Bg4 15.Qd2 
Rad8 16.h3 Bc8 17.Kh2 Qc7 18.Nd4 Re7 19.Re2 Rde8 20.Rbe1 Nfd7 21.f4 Nb6 
22.Ndb5 cxb5 23.Nxb5 Qd7 24.Bxg7 Kxg7 25.Nxd6 Rd8 26.Qd4+ Kg8 27.Qxc5 Qxd6
28.Qxd6 Rxd6 29.c5 Rc6 30.cxb6 Rxb6 31.Rd1 Rc7 32.Rd5 a4 33.bxa4 Rb4 34.f5
Kg7 35.g4 Rxa4 36.g5 gxf5 37.exf5 f6 38.gxf6+ Kxf6 39.Rf2 Ra6 40.Rd8 Bd7 
41.Bd5 Ra5 42.Rf8+ Kg5 43.Bb3 Rxf5 44.h4+ Kg6 45.Rc2 Rxf8 46.Rxc7 Bc6 47.
Bc2+ Kh5 48.Rxh7+ Kg4 49.Bd1+ Bf3 50.Bxf3+ Rxf3 51.Rxb7 Rf2+ 1/2-1/2

[Event "POL-chT3"]
[Site "Jastrzebia Gora POL"]
[Date "2015.??.??"]
[Round "6.60"]
[White "Kubicka, Anna"]
[Black "Sliwicka, Alicja"]
[Result "1/2-1/2"]
[WhiteElo "2171"]
[BlackElo "2003"]
[EventDate "2015.??.??"]
[WhiteTitle "m"]
[BlackTitle "WFM"]

1.e4 c5 2.Nf3 d6 3.d4 Nf6 4.Nc3 cxd4 5.Nxd4 Bd7 6.Bg5 e6 7.Qd2 a6 8.f4 h6 
9.Bxf6 Qxf6 10.O-O-O Nc6 11.Nb3 Qd8 12.Kb1 Qc7 13.g4 Be7 14.Qf2 O-O-O 15.
Na4 Kb8 16.Nb6 Be8 17.h4 d5 18.exd5 Na5 19.Nxa5 Bc5 20.Qe1 Bxb6 21.Nc4 Bc5
22.dxe6 Bc6 23.Rh2 Qxf4 24.Rhd2 Rxd2 25.Qxd2 Qxd2 26.Rxd2 Re8 27.Re2 Rxe6 
28.Rxe6 fxe6 29.Ne5 Be8 30.Bc4 Bd6 31.Nd3 Bd7 32.h5 b5 33.Bb3 e5 34.Nf2 
Bc5 35.Nd3 Bd6 36.Nf2 Be7 37.Bf7 Bh4 38.Nd3 Bg3 39.Nc5 Bxg4 40.Nxa6+ Kb7 
41.Nc5+ Kc6 42.Ne4 Bf4 43.Be8+ Bd7 44.Bg6 Kd5 45.c3 Bg4 46.Kc2 Be2 47.Nf2 
Be3 48.Bf7+ Kd6 49.Ne4+ Ke7 50.Bg6 Bf4 51.b3 Kd7 52.a4 bxa4 53.bxa4 Kc6 
54.Kb3 Bd3 55.Kb4 Kd5 56.c4+ Bxc4 57.Bf7+ Kxe4 58.Bxc4 Kd4 59.Bb5 e4 60.
Kb3 Ke3 61.Kc2 Kf2 62.Kd1 Bc7 63.Be2 Bb6 64.Bg4 Ba5 65.Be2 Ke3 66.Bg4 Kf4 
67.Be2 Kg5 68.Kc2 g6 69.hxg6 Kxg6 70.Bb5 Kg5 71.Kd1 h5 72.Ke2 Kf4 73.Kf2 
Bb6+ 74.Kg2 Bd8 75.Kh3 Kg5 76.Be2 Bb6 77.Bd1 Bf2 78.Be2 h4 79.a5 Kf4 80.a6
Kg5 81.Bd1 Ba7 82.Be2 Kf4 83.Kxh4 Ke3 84.Bh5 Kd2 85.Kg5 e3 86.Kf5 e2 87.
Bxe2 Kxe2 88.Ke5 Kd3 89.Kd5 Kc3 90.Kc6 Kc4 91.Kb7 Bg1 92.a7 Bxa7 93.Kxa7 
1/2-1/2

[Event "POL-chT3"]
[Site "Jastrzebia Gora POL"]
[Date "2015.??.??"]
[Round "6.61"]
[White "Janik, Igor"]
[Black "Niekras, Dawid"]
[Result "1/2-1/2"]
[WhiteElo "2387"]
[BlackElo "2097"]
[EventDate "2015.??.??"]
[WhiteTitle "I++"]
[BlackTitle "k"]

1.e4 c5 2.Nf3 g6 3.d4 cxd4 4.Nxd4 Nc6 5.c4 Nf6 6.Nc3 d6 7.Be2 Nxd4 8.Qxd4 
Bg7 9.Be3 O-O 10.Qd2 a5 11.Rc1 a4 12.O-O Be6 13.f3 Qa5 14.Nd5 Qxd2 15.Bxd2
Nxd5 16.cxd5 Bd4+ 17.Kh1 Bd7 18.Bc3 Be3 19.Rcd1 a3 20.Bd2 Bxd2 21.Rxd2 
Rfc8 22.Kg1 axb2 23.Rxb2 b5 24.Rfb1 Rc3 25.Kf2 Kf8 26.Kg3 Rca3 27.Bxb5 
Bxb5 28.Rxb5 Rxa2 29.R1b2 Rxb2 30.Rxb2 Ra4 31.Rb7 Rd4 32.h4 f5 33.Kf4 fxe4
34.fxe4 Kf7 35.g4 h6 36.g5 hxg5+ 37.hxg5 Ra4 38.Rb3 Rc4 39.Rb7 Ra4 40.Rb3 
Rc4 41.Rb7 1/2-1/2

[Event "POL-chT3"]
[Site "Jastrzebia Gora POL"]
[Date "2015.??.??"]
[Round "6.62"]
[White "Bajerlein, Dawid"]
[Black "Lisowski, Krzysztof"]
[Result "1/2-1/2"]
[WhiteElo "2060"]
[BlackElo "2137"]
[EventDate "2015.??.??"]
[WhiteTitle "k"]
[BlackTitle "k"]

1.d4 d5 2.c4 c6 3.Nf3 Nf6 4.Nc3 e6 5.Bg5 dxc4 6.e4 b5 7.e5 h6 8.Bh4 g5 9.
Nxg5 hxg5 10.Bxg5 Nbd7 11.g3 Bb7 12.Bg2 Qb6 13.exf6 O-O-O 14.O-O c5 15.d5 
b4 16.Na4 Qa6 17.a3 Bxd5 18.Bxd5 Ne5 19.Qe2 Rxd5 20.axb4 cxb4 21.Nc3 Qd6 
22.Nxd5 Qxd5 23.f3 Bc5+ 24.Be3 Nd3 25.Bxc5 Qxc5+ 26.Kg2 Qd4 27.b3 cxb3 28.
Rfd1 Rd8 29.h4 b2 30.Rab1 a5 31.h5 a4 32.h6 Qc4 33.Rxb2 Nf4+ 34.gxf4 Qxe2+
35.Rxe2 Rxd1 36.Re4 Rd8 37.Rc4+ Kb7 38.Rxb4+ Kc6 39.Rxa4 Rg8+ 40.Kf2 Rg6 
41.Ra7 Rxh6 42.Rxf7 Kd6 43.Kg3 Rh5 44.Rf8 Rf5 45.Kg4 Kd7 46.Rf7+ Kd6 47.
Kg3 Kc6 48.Kh4 Kd6 49.Kg4 Kc6 50.Rf8 Kd7 51.f7 Ke7 52.Ra8 Kxf7 53.Ra7+ 
1/2-1/2

[Event "POL-chT3"]
[Site "Jastrzebia Gora POL"]
[Date "2015.??.??"]
[Round "6.63"]
[White "Jedra, Waldemar"]
[Black "Bernat, Marcin"]
[Result "1-0"]
[WhiteElo "1986"]
[BlackElo "2105"]
[EventDate "2015.??.??"]
[WhiteTitle "I"]
[BlackTitle "k"]

1.c4 c5 2.Nc3 g6 3.g3 Bg7 4.Bg2 Nc6 5.d3 e6 6.e4 Nge7 7.Nge2 O-O 8.Be3 Nd4
9.Qd2 Nec6 10.h4 Nxe2 11.Nxe2 Nd4 12.Nxd4 cxd4 13.Bh6 Bxh6 14.Qxh6 e5 15.
h5 Qe7 16.O-O-O d6 17.Rdf1 g5 18.f4 gxf4 19.gxf4 f6 20.Bf3 Bd7 21.Rfg1+ 
Kh8 22.Rg6 Rf7 23.f5 b5 24.Rg2 bxc4 25.dxc4 Rc8 26.b3 d5 27.exd5 Qa3+ 28.
Kb1 Bxf5+ 29.Ka1 Rb8 30.Rhg1 Qe7 31.d6 Qxd6 32.Bd5 Qf8 33.Rg8+ Qxg8 1-0

[Event "POL-chT3"]
[Site "Jastrzebia Gora POL"]
[Date "2015.??.??"]
[Round "6.64"]
[White "Hemmerling, Jaroslaw"]
[Black "Migala, Andrzej"]
[Result "0-1"]
[WhiteElo "1971"]
[BlackElo "1984"]
[EventDate "2015.??.??"]
[WhiteTitle "I+"]
[BlackTitle "I++"]

1.e4 c5 2.Nf3 d6 3.d4 cxd4 4.Nxd4 Nf6 5.Nc3 a6 6.Bg5 e6 7.f4 Be7 8.Qf3 Qc7
9.O-O-O Nbd7 10.Bd3 h6 11.Bh4 g5 12.fxg5 Ne5 13.Qe2 Nfg4 14.h3 hxg5 15.Bg3
Nf6 16.Qe3 Nh5 17.Bh2 Bd7 18.Be2 Qc5 19.Kb1 Ng6 20.Bxh5 Rxh5 21.Qf3 Rh7 
22.Rhf1 Rc8 23.Qd3 Qc4 24.Nf3 e5 25.Nd5 Qxd3 26.Rxd3 Bb5 27.Nxe7 Bxd3 28.
cxd3 Kxe7 29.Nxg5 Rg7 30.g3 Nf8 31.h4 Ne6 32.Nf3 f6 33.Ne1 Nd4 34.Rf2 f5 
35.exf5 Rf8 36.f6+ Rxf6 37.Rxf6 Kxf6 38.Kc1 Kf5 39.Kd2 Kg4 40.Ke3 d5 41.
Bg1 Kxg3 42.Bf2+ Kg4 43.Kd2 Nf3+ 44.Nxf3 Kxf3 45.Bb6 Rg2+ 46.Kc1 e4 47.
dxe4 dxe4 48.Ba5 e3 49.Be1 Ke2 50.Bc3 Kd3 0-1

[Event "POL-chT3"]
[Site "Jastrzebia Gora POL"]
[Date "2015.??.??"]
[Round "6.66"]
[White "Kupsik, Joanna"]
[Black "Gorecka, Joanna"]
[Result "1/2-1/2"]
[WhiteElo "1727"]
[BlackElo "2069"]
[EventDate "2015.??.??"]
[WhiteTitle "I"]
[BlackTitle "WFM"]

1.e4 c5 2.Nf3 a6 3.d4 cxd4 4.Nxd4 Nf6 5.Bd3 e5 6.Nb3 d5 7.exd5 Qxd5 8.O-O 
Be7 9.Re1 Nc6 10.Bg5 Be6 11.Nc3 Qd8 12.a3 O-O 13.Bxf6 Bxf6 14.Re3 g6 15.
Nc5 Bc8 16.Be4 Qxd1+ 17.Rxd1 Nd4 18.Nd5 Bg5 19.Ree1 Bd8 20.Ne3 Rb8 21.Nc4 
Be7 22.Nd7 Bxd7 23.Nxe5 Nxc2 24.Nxd7 Nxe1 25.Rxe1 Bg5 26.Nxb8 Rxb8 27.g3 
Kg7 28.f4 Bf6 29.Re2 Re8 30.Kf1 b6 31.b3 Rd8 32.a4 a5 33.Kg2 Bc3 34.Rc2 
Bb4 35.Re2 f5 36.Bc2 Kf6 37.h4 h6 38.Kh3 Rd4 39.Kg2 Rd6 40.Kh3 Rd8 41.Kg2 
Rd5 42.Kh3 Bd6 43.Re1 Bc7 44.Re2 Rc5 45.Kg2 Rc3 46.Bd1 g5 47.Rc2 Rxc2+ 48.
Bxc2 gxf4 49.gxf4 Bxf4 50.Kf3 Bd2 51.Bd3 Ke5 52.h5 Kf6 53.Bc4 Ke5 1/2-1/2

[Event "POL-chT3"]
[Site "Jastrzebia Gora POL"]
[Date "2015.??.??"]
[Round "6.67"]
[White "Snihur, Piotr"]
[Black "Szymanski, Piotr"]
[Result "0-1"]
[WhiteElo "2246"]
[BlackElo "2249"]
[EventDate "2015.??.??"]
[WhiteTitle "k"]
[BlackTitle "k+"]

1.e4 g6 2.d4 Bg7 3.Nc3 d6 4.f4 a6 5.Nf3 b5 6.Bd3 Bb7 7.a4 b4 8.Ne2 e6 9.
O-O Nf6 10.Ng3 O-O 11.Bd2 a5 12.Qe2 Nbd7 13.Rae1 Qe7 14.e5 Nd5 15.Ng5 N5b6
16.b3 h6 17.N5e4 d5 18.Nf6+ Nxf6 19.exf6 Qxf6 20.f5 exf5 21.Nxf5 gxf5 22.
Rxf5 Qxd4+ 23.Kh1 Nd7 24.Be3 Qc3 25.Bd2 Qc6 26.Qg4 Nc5 27.Ref1 d4 28.Rxc5 
Qxc5 29.Bxh6 Qe5 30.Bf4 Qd5 31.Rf3 f5 32.Qg5 Ba6 33.Rg3 Rf7 34.Bxf5 Qxf5 
0-1

[Event "POL-chT3"]
[Site "Jastrzebia Gora POL"]
[Date "2015.??.??"]
[Round "6.68"]
[White "Krzywda, Andrzej"]
[Black "Szadkowski, Kamil"]
[Result "1-0"]
[WhiteElo "2113"]
[BlackElo "2216"]
[EventDate "2015.??.??"]
[WhiteTitle "k"]
[BlackTitle "k+"]

1.e4 c5 2.Nf3 Nc6 3.d4 cxd4 4.Nxd4 e6 5.Nc3 Qc7 6.Be2 a6 7.O-O Nf6 8.Kh1 
b5 9.f4 b4 10.e5 bxc3 11.exf6 gxf6 12.bxc3 Bb7 13.Rb1 Na5 14.Re1 Be7 15.
Bh5 Rg8 16.Rxb7 Nxb7 17.Bxf7+ Kxf7 18.Qh5+ Kg7 19.Rxe6 Bf8 20.Re3 Kh8 21.
Rh3 d5 22.Ne6 Qd7 23.Be3 Nd6 24.Bd4 Ne4 25.Ng5 Rxg5 26.fxg5 Rb8 27.g4 Rb7 
28.gxf6 Qf7 29.Qxh7+ 1-0

[Event "POL-chT3"]
[Site "Jastrzebia Gora POL"]
[Date "2015.??.??"]
[Round "6.69"]
[White "Szadkowski, Krzysztof"]
[Black "Zgadzaj, Rafal"]
[Result "1/2-1/2"]
[WhiteElo "2107"]
[BlackElo "2115"]
[EventDate "2015.??.??"]
[WhiteTitle "k"]
[BlackTitle "k"]

1.e4 d6 2.d4 Nf6 3.Nc3 g6 4.f4 Bg7 5.Nf3 O-O 6.Bd3 Nc6 7.O-O Bg4 8.Be3 e5 
9.fxe5 dxe5 10.d5 Nd4 11.Ne2 Nxf3+ 12.gxf3 Bh3 13.Rf2 Nh5 14.Bc5 Qh4 15.
Qd2 Rfd8 16.Be3 Nf4 17.Nxf4 exf4 18.Bxf4 Bxb2 19.Rb1 Bd4 20.Be3 Bxe3 21.
Qxe3 b6 22.c4 Re8 23.f4 Rad8 24.Qg3 Qxg3+ 25.hxg3 c6 26.a4 Bd7 27.a5 bxa5 
28.Ra2 cxd5 29.cxd5 a4 30.Rb7 a6 31.Kf2 Bb5 32.Bc2 f5 33.Bxa4 fxe4 34.Bxb5
axb5 35.Rxb5 Rd7 36.Ke3 h5 37.Ra6 Kf7 38.Rbb6 Rxd5 39.Rf6+ Kg7 40.Rxg6+ 
Kh7 41.Rh6+ Kg7 42.Rhd6 Rb5 43.Ra7+ Kg8 44.Ra3 Rb2 45.Rg6+ Kf7 46.Rg5 Rg2 
47.Ra7+ Kf6 48.Ra6+ Kf7 49.Rh6 Ra2 50.Rhxh5 Ra3+ 51.Ke2 Ra2+ 52.Kf1 Rb8 
53.Rb5 Rc8 54.Rhc5 Rd8 55.Rb7+ Kf6 56.Ke1 Rdd2 57.Rb6+ Ke7 58.Rh5 Kf7 59.
Rh7+ Kg8 60.Rc7 Rd8 61.Re6 Kh8 62.Rc5 Kh7 63.Rc4 Rh2 1/2-1/2

[Event "POL-chT3"]
[Site "Jastrzebia Gora POL"]
[Date "2015.??.??"]
[Round "6.70"]
[White "Malecki, Rafal"]
[Black "Kwiatkowski, Wiktor"]
[Result "1-0"]
[WhiteElo "2090"]
[BlackElo "1941"]
[EventDate "2015.??.??"]
[WhiteTitle "k+"]
[BlackTitle "I"]

1.Nf3 c5 2.g3 d5 3.Bg2 Nf6 4.O-O e6 5.d3 Be7 6.b3 Nc6 7.Bb2 O-O 8.Nbd2 Qc7
9.e4 dxe4 10.dxe4 Rd8 11.Qe2 e5 12.c3 a5 13.a4 b6 14.Nc4 Ba6 15.Rfe1 b5 
16.axb5 Bxb5 17.Bf1 a4 18.bxa4 Rxa4 19.Rxa4 Bxa4 20.Ra1 Bb3 21.Nfd2 Bc2 
22.Qe3 Ng4 23.Qf3 Nf6 24.Be2 Qb7 25.Qe3 Nd4 26.cxd4 cxd4 27.Qf3 Bb4 28.Bd3
Bxd3 29.Qxd3 Bxd2 30.Qxd2 Nxe4 31.Qa5 Re8 32.Qa6 Qd7 33.Qa8 Ng5 34.Nxe5 
Qb5 35.Bxd4 f6 36.Qa2+ Ne6 37.Nf3 Qd3 38.Re1 Qxf3 39.Rxe6 1-0

[Event "POL-chT3"]
[Site "Jastrzebia Gora POL"]
[Date "2015.??.??"]
[Round "6.71"]
[White "Matlewski, Adam"]
[Black "Szajda, Marcin"]
[Result "0-1"]
[WhiteElo "1802"]
[BlackElo "2061"]
[EventDate "2015.??.??"]
[WhiteTitle "I"]
[BlackTitle "I++"]

1.d4 Nf6 2.c4 g6 3.Nc3 Bg7 4.e4 d6 5.f3 O-O 6.Be3 Nbd7 7.Qd2 e5 8.Nge2 a6 
9.Bh6 Nh5 10.g4 Qh4+ 11.Kd1 Bxh6 12.Qxh6 exd4 13.Nd5 c6 14.Ndf4 Ne5 15.
gxh5 Nxf3 16.Bg2 Ne5 17.Rg1 d3 18.Ng3 Nxc4 19.Nf5 Bxf5 20.exf5 Ne3+ 21.Kd2
Nxf5 22.Nxg6 Qf2+ 23.Kxd3 Nxh6 24.Raf1 Qxb2 0-1

[Event "POL-chT3"]
[Site "Jastrzebia Gora POL"]
[Date "2015.??.??"]
[Round "6.72"]
[White "Chmiel, Dominika"]
[Black "Miturova, Magdalena"]
[Result "1/2-1/2"]
[WhiteElo "2146"]
[BlackElo "2173"]
[EventDate "2015.??.??"]
[WhiteTitle "m"]
[BlackTitle "WFM"]

1.e4 e5 2.Nf3 Nc6 3.Bb5 a6 4.Ba4 Nf6 5.d4 exd4 6.O-O Be7 7.Re1 b5 8.Bb3 d6
9.Bd5 Nxd5 10.exd5 Ne5 11.Nxd4 O-O 12.Nc3 Bg4 13.Qd2 Bd7 14.a4 b4 15.Ne4 
a5 16.b3 h6 17.f4 Ng4 18.Bb2 Nf6 19.c4 bxc3 20.Nxc3 Re8 21.Rac1 Qb8 22.
Ncb5 Nxd5 23.Nc6 Bxc6 24.Rxc6 Bf6 25.Rd1 Nb4 26.Rxc7 Bxb2 27.Qxb2 d5 28.
Qc3 Ra6 29.Nd4 Rf6 30.g3 h5 31.Nf3 Qb6+ 32.Qc5 Qa6 33.Qb5 Qa8 34.Qb7 Qxb7 
35.Rxb7 Rc6 36.Rb5 Rc3 37.Nd4 Nc2 38.Nxc2 Rxc2 39.Rbxd5 Ree2 40.Rxh5 g6 
41.Rxa5 Rg2+ 42.Kf1 Rgf2+ 43.Kg1 Rg2+ 1/2-1/2

[Event "POL-chT3"]
[Site "Jastrzebia Gora POL"]
[Date "2015.??.??"]
[Round "6.73"]
[White "Suliborski, Jakub"]
[Black "Walter, Szymon"]
[Result "1-0"]
[WhiteElo "2071"]
[BlackElo "2214"]
[EventDate "2015.??.??"]
[WhiteTitle "I++"]
[BlackTitle "k"]

1.d4 Nf6 2.Nc3 c5 3.d5 d6 4.e4 g6 5.Be2 Bg7 6.f4 Nfd7 7.Bf3 Na6 8.Nge2 Nc7
9.a4 a6 10.Be3 Rb8 11.O-O O-O 12.Qd2 b5 13.axb5 axb5 14.Rab1 b4 15.Nd1 Nb6
16.b3 Nb5 17.f5 Ba6 18.Bh6 Nd7 19.Bxg7 Kxg7 20.Ne3 Nc3 21.Nf4 Nf6 22.fxg6 
hxg6 23.Nh5+ Nxh5 24.Nf5+ gxf5 25.Qg5+ Kh7 26.Qxh5+ Kg7 27.Qg5+ Kh8 28.
exf5 Bxf1 29.Rxf1 Kh7 30.Qh5+ Kg7 31.Qg5+ Kh7 32.f6 exf6 33.Qh5+ Kg7 34.
Qg4+ Kh7 35.Be4+ Nxe4 36.Qxe4+ Kh6 37.Qh4+ Kg7 38.Qg4+ 1-0

[Event "POL-chT3"]
[Site "Jastrzebia Gora POL"]
[Date "2015.??.??"]
[Round "6.74"]
[White "Zylka, Stanislaw"]
[Black "Kowalec, Maciej"]
[Result "1-0"]
[WhiteElo "2213"]
[BlackElo "2005"]
[EventDate "2015.??.??"]
[WhiteTitle "k"]
[BlackTitle "k"]

1.e4 g6 2.d4 Bg7 3.Nc3 c6 4.h3 d5 5.Nf3 dxe4 6.Nxe4 Nf6 7.Nxf6+ Bxf6 8.c3 
Bg7 9.Bd3 Nd7 10.O-O O-O 11.Re1 Nf6 12.Bg5 e6 13.Qd2 Qb6 14.Ne5 Nd5 15.a4 
Qc7 16.Bh4 c5 17.Bg3 Qe7 18.c4 Nb4 19.d5 Rd8 20.Bf1 Qf8 21.Bh4 g5 22.Qxg5 
f6 23.Qg3 fxe5 24.Bxd8 Qxd8 25.Rxe5 Qf6 26.Rae1 Nc2 27.R1e4 Nd4 28.Bd3 Nf5
29.Qf4 Nd6 30.Qxf6 Bxf6 31.Rg4+ Kf7 32.Rf4 Ke7 33.Rh5 e5 34.Rxh7+ Nf7 35.
Rf3 Bd7 36.d6+ Ke6 37.Bf5+ 1-0